00455nam a2200121Ia 4500008004100000041001200041082001200053100006000065245008100125260006600206300001500272536004600287211220s9999 xx 000 0 eng d aEnglish aRR.0305 aReddeppa, L.uCouncil for Social DevelopmentvHyderabad 0aEconomics of land distribution to landless in Andhra Pradesh / cL. Reddeppa aNew Delhi :bIndian Council oF Social Science Research,c2013 axvi, 114p. aIndian Council of Social Science Research